Normal view
MARC view
Entry Personal Name
001 - CONTROL NUMBER
- control field: 51559
003 - CONTROL NUMBER IDENTIFIER
- control field: ARRUPE
005 - DATE AND TIME OF LATEST TRANSACTION
- control field: 20220513082202.0
008 - FIXED-LENGTH DATA ELEMENTS
- fixed length control field: 220513|| aca||aabn | a|a d
040 ## - CATALOGING SOURCE
- Original cataloging agency: ARRUPE
- Transcribing agency: ARRUPE
100 ## - HEADING--PERSONAL NAME
- Personal name: Hannibal,
- Dates associated with a name: 247 B.C.-182 B.C.
- General subdivision: Military leadership
670 ## - SOURCE DATA FOUND
- Source citation: Work cat.: (ARRUPE)131417: Peddie, John, 1933- 51558, Hannibal's war /, 2005.